Capital investments of the world petroleum industry

保存先:
書誌詳細
フォーマット: 図書
言語:Undetermined
出版事項: New York Chase Manhattan Bank 1967
主題:
タグ: タグ追加
タグなし, このレコードへの初めてのタグを付けませんか!
Thư viện lưu trữ: Trung tâm Học liệu Trường Đại học Cần Thơ
LEADER 00521nam a2200181Ia 4500
001 CTU_107343
008 210402s9999 xx 000 0 und d
082 |a 338.43 
082 |b C244 
245 0 |a Capital investments of the world petroleum industry 
245 0 |c Richard C. Sparling edited by 
260 |a New York 
260 |b Chase Manhattan Bank 
260 |c 1967 
650 |a Petroleum industry and trade 
650 |x Finance 
904 |i Tuyến 
980 |a Trung tâm Học liệu Trường Đại học Cần Thơ